000 00348 a2200109 4500
001 ART_12049
005 20260410161902.0
008 260409a
245 1 0 _aInformation and computation in simultaneous equations estimation
100 1 _aDent, Warren
773 0 _tJournal of econometrics
_g- Vol. 4, NÂș 1 (feb. 1976)
_wREV11720
999 _c26054
_d26054